| 000 | 01353nam a2200241Ia 4500 | ||
|---|---|---|---|
| 003 | Ost | ||
| 005 | 20260507075402.0 | ||
| 008 | 260507s9999||||xx |||||||||||||| ||und|| | ||
| 040 | _cfsecg | ||
| 041 | _aara | ||
| 082 | _a330 | ||
| 100 |
_aالمكاوي، محمد محمود _eمؤلف |
||
| 245 | 0 |
_aالإستثمار في البنوك الإسلامية / _c محمد محمود المكاوي |
|
| 260 |
_aالإسكندرية: _bرؤية للنشر والتوزيع, _c2011 |
||
| 300 |
_a430 صفحة؛ _bإيضاحات ؛ _c25 سم |
||
| 504 | _aالمراجع ص.390 | ||
| 520 | _aيضم التطور التاريخي للعمل المصرفي الإسلامي ، أولويات الإستثمار في المنهج الإسلامي ، مفهوم الإستثمار في البنوك الإسلامية وأهميته لها، أساليب الإستثمار في البنوك الإسلامية، القيود التي ترد على إستثمار الأموال في الإسلام ، واقع التطبيق بالبنوك الإسلامية (دراسة مقارنة بالبنوك المحلية و الإقليمية والعالمية) | ||
| 653 | _aالإستثمار | ||
| 653 | _aالإستثمار المصرفي | ||
| 653 | _aالبنوك الإسلامية | ||
| 653 | _aبنوك الإستثمار | ||
| 942 | _cكتاب | ||
| 999 |
_c44284 _d44284 |
||